Normal view
MARC view
Entry Corporate Name
001 - CONTROL NUMBER
- control field: 266026
003 - CONTROL NUMBER IDENTIFIER
- control field: OSt
005 - DATE AND TIME OF LATEST TRANSACTION
- control field: 20260627094230.0
008 - FIXED-LENGTH DATA ELEMENTS
- fixed length control field: 260627|| aca||aabn | a|a d
040 ## - CATALOGING SOURCE
- Original cataloging agency: OSt
- Transcribing agency: OSt
110 ## - HEADING--CORPORATE NAME
- Corporate name or jurisdiction name as entry element: ಶೇಟೇ ಬಿ ಎಸ್
670 ## - SOURCE DATA FOUND
- Source citation: Work cat.: (OSt)96846: Shete B S 166904, Karnatakadalli satipaddati, 1991